[Event "Western States Open"]
[Site "Reno, NV"]
[Date "1999.10.27"]
[Round "1"]
[White "Browne, Walter S."]
[Black "Harmon, Clark"]
[Result "0-1"]
[WhiteElo "2538"]
[BlackElo "2239"]
[Annotator "Ralph Dubisch"]
[PlyCount "70"]
[EventDate "1999.??.??"]

1. d4 Nf6 2. c4 e5 $5 {The Budapest Defense.} 3. dxe5 Ng4 4. Nf3 Bc5 5. e3 Nc6 6. Nc3 O-O 7. Be2 Re8 8. O-O Ncxe5 (8... Ngxe5 9. b3 (9. Nxe5 Nxe5 {transposes to the next note.}) 9... Nxf3+ 10. Bxf3 Ne5 11. Bb2 a5 12. Ne4 Bf8 $14 {, but see the comment below.}) 9. Nd4 ({White goes his own way. Theory shows} 9. Nxe5 Nxe5 10. b3 a5 11. Bb2 Ra6 $5 {, when Black has delayed the development of the c8-bishop to allow some flexibility to retreat from c5 in either direction and to develop the a8-rook along the sixth rank. Stockfish will prefer White's space edge in these positions, but human practice seems to be balanced, or even to slightly favor Black.}) 9... Nf6 10. b3 d5 11. cxd5 Nxd5 12. Nxd5 Qxd5 13. Bb2 Qe4 14. Kh1 Qh4 15. Nf3 Nxf3 16. Bxf3 Bd6 17. g3 Qe7 18. Bg2 c6 19. e4 f6 20. f4 Be6 21. Qc2 Rac8 22. Rad1 c5 $2 (22... Rcd8 {guards the d6-bishop and makes White's attacking attempt far more speculative:} 23. e5 fxe5 24. Be4 h6 25. f5 Bf7 26. f6 gxf6 {, and while there are still attacking chances, it isn't quite clear how to proceed.}) 23. e5 $1 fxe5 24. Be4 c4 ({Now} 24... h6 25. f5 Bf7 $2 26. f6 $1 gxf6 27. Qd2 {is a fork, and White is winning.}) 25. Bxh7+ Kh8 26. Bg6 Bg4 27. Rde1 $2 ({Black has done well to make things complicated, and here the late six-time U.S. Champion goes slightly wrong, picking the safer-looking move to avoid the morass.} 27. fxe5 Bxe5 (27... cxb3 28. Qe4 Bxd1 29. Rxd1 Qg5 ({Saving the rook doesn't work.} 29... Red8 30. Qf5) ({Or} 29... Rf8 30. Qg4 {and mate follows shortly.}) 30. Bxe8 Rxe8 31. Rxd6 bxa2 32. Kg2 {and White's extra bishop is just too powerful.}) 28. Rde1 {would win:} c3 29. Bxc3 Rxc3 (29... Bh3 30. Qd1 Qg5 31. Bxe8 Bxf1 (31... Rxe8 32. Bxe5 Bxf1 33. Bxg7+ Kxg7 34. Qd7+ Kh6 35. Rxe8 $18) (31... Bxc3 32. Rf8+ Kh7 33. Qc2+ g6 34. Bxg6+ Qxg6 35. Re7+ Kh6 36. Qxg6+ Kxg6 37. Rxc8 Bxc8 38. Rc7 $18) 32. Rxe5) 30. Qxc3 Bxc3 $2 31. Rxe7 {and Black has back rank issues. Trying to calculate all of these lines with multiple hanging pieces for both sides is incredibly difficult in a practical game.}) 27... cxb3 28. Qxb3 Rf8 29. fxe5 $6 (29. Qd3 Qd7 30. Bxe5 Bb4 $14 {, heading into an unclear ending.}) (29. h3 Bf5 30. Bxf5 Rxf5 31. g4 Rff8 32. f5 $14) 29... Bb4 30. Rb1 Be2 (30... Qg5) 31. Qe3 $4 ({White sees a checkmate, but it turns out to be a bit of a mirage. After} 31. Rxf8+ Rxf8 32. Be4 {the battle continues.}) 31... Bxf1 32. e6 {White threatens 33.Qh6+. One can almost see GM Browne performing his manic time-pressure jitter in his chair at this point.} Rf6 (32... Kg8 {also defends and wins.}) 33. Bxf6 (33. Qe4 Rxg6 34. Qxg6 Bc4 35. Bxg7+ Qxg7 36. Qxg7+ Kxg7 37. Rxb4 b5 $19) 33... Qxf6 34. Be4 Bc5 35. Qb3 (35. Qf4 Bc4 $19) 35... Qf2 {Checkmate is forced. Bravo.} 0-1

[Event "WA Class Championships, Class A"]
[Site "Hyatt Regency, Bellevue, WA"]
[Date "2023.11.24"]
[Round "1"]
[White "Razmov, Gabriel"]
[Black "Lim, Hayul"]
[Result "1-0"]
[WhiteElo "1712"]
[BlackElo "1803"]
[Annotator "Gabriel Razmov"]
[PlyCount "51"]
[EventDate "2023.??.??"]

{[%evp 0,51,32,32,32,-7,49,50,38,14,17,28,27,22,40,7,1,6,19,8,17,16,26,18,34,-3,20,10,17,-7,-10,-12,61,55,75,90,77,79,117,188,292,281,296,307,314,294,443,431,429,509,457,483,29997,29998]} 1. d4 Nf6 2. Bf4 g6 3. Nc3 d5 4. h4 $5 {This move was part of my preparation. It can present opponents with difficult choices about how to develop. Playing ...h5 can leave a hook that is easy to attack, but without it, White could simply castle queenside and then go for f3, g4, h5, with an attack on the Black king. Black has to carefully plan out their development.} Bg7 5. e3 c6 6. Bd3 a5 $146 {A move most likely played to prepare for an opposite-sides castling position, where Black can have chances to attack before they lose the battle on the kingside. Theory is scarce here, but ...b5 and ...Bf5 have been played before, with similar ideas.} 7. Nf3 Bg4 8. Be2 Na6 $6 {Now this is a small mistake. Black has committed their a-pawn, and so they can try to provoke early queenside weaknesses for White by 8...a4.} ({After} 8... a4 {, Black forces} 9. a3 {and after something like} Qa5 10. Qd2 (10. Ne5 {is also possible}) 10... Nbd7 $15 {the position is comfortable for Black and close to equal.}) 9. Ne5 Bxe2 10. Qxe2 Nc7 {Now we begin to see the issues in Black's position - the knight on e5 attacks f7, which prevents a queenside castle, Black's queen cannot develop easily, and castling kingside seems dangerous as White is not in a particular danger on the queenside yet and can even delay their own castle thanks to the stable central pawn structure.} 11. g4 $6 {Not the most precise continuation, as this begins to over-extend and create weaknesses in White's position, which would favors Black. However, Black must be accurate in this sharp position.} (11. Bh2 {is a safe and natural move. Play might continue} h5 12. O-O-O a4 13. a3 Ra5 $14 {with some counterplay for Black on the queenside.}) 11... Ne6 $6 {This move fails to open up the position via a pawn exchange, and allows White to regain an edge.} (11... h5 $1 {was better here. If we want to keep the position open, we must play} 12. gxh5 (12. f3 Nd7 {and White hasn't really made any serious progress setting up their attack; it is hard to move forward here.}) 12... Nxh5 13. Bh2 {with a playable and complex position, unlike the pawn storm that ensues in the game.}) 12. Bg3 $6 {A natural move, sparing the bishop from an exchange. However, a potential exchange on f4 can only favor White, as they could then attack with more pawns (e.g., the e3-pawn didn't participate in the attack before), plus the e-file will be more open.} (12. h5 $1 {would pose more challenges for Black. An illustrative line goes} Nd7 13. O-O-O a4 (13... Nxe5 14. Bxe5 Bxe5 15. dxe5 Rf8 $13) 14. a3 g5 15. Nxd7 gxf4 16. Ne5 Bxe5 17. dxe5 fxe3 18. Qxe3 d4 19. Qe4 Qb6 20. Ne2 c5 21. Nf4 $14 {and the position remains complex, with lots of opportunities. Both sides have extended on the wings, and even though Black can castle safely on the queenside, his kingside pawns are far from safe.}) (12. Qf3 {is another challenging option. After} Nxf4 13. Qxf4 Rf8 (13... O-O 14. h5) 14. h5 $14 {Black will have difficulties for a while due to the strong centralized knight and the ongoing pawn storm on the kingside.}) 12... h5 $1 {This strong move now poses issues for White as to how to continue the attack. White decides to pursue it energetically, hoping to avoid a kingside castle (as the kingside is closing up) and trying to open up the f-file as an avenue for attack.} 13. g5 Nd7 14. f4 $6 $15 {An impatient move that weakens White's position as the dark-squared bishop loses scope. While the f-file can open up, it's not clear that White will have an attack, as Black can soon castle safely on the kingside.} (14. Nd3 {seems better, since after} Nb6 15. f4 a4 16. O-O-O $5 {we have an unclear position where both sides have chances to attack.}) 14... Nxe5 $6 {This wasn't the right continuation, even though it seems quite natural. White now gets 5 pawns on the kingside and center, which can pose serious issues.} (14... Bxe5 $1 $15 {is the surprising best move here, according to the engine. The idea behind it is likely that the bishop isn't very useful on g7, while the knight on d7 can actually support ...c5 with a counterattack on the center and queenside. Even if} 15. dxe5 {there are attractive options that retain good chances for Black:} Ndc5 (15... a4 16. a3 $6 (16. O-O-O $5 a3 17. b3 b5) 16... b5 $15) 16. O-O-O Qc8 $15 {with good control for Black over the light squares.}) 15. dxe5 Bf8 $2 {This move is hard to explain, yet it underscores that Black would have been better off if they had exchanged that bishop on the previous move instead. Now the Black king is stuck in the center, which is what White had wanted. Also, it would take time to set up a blockade on the light squares due to the central lever e4 for White.} (15... b5 {instead would create a double-edged position. White can choose} 16. O-O-O {and now} Qb8 {is the right way to continue.} (16... Qc7 $2 {looks more natural, but the relatively weaker b-pawn tells in the line} 17. e4 d4 18. Nd5 $1 cxd5 19. exd5 Nc5 20. Qxb5+ Kd8 (20... Kf8 21. Rxd4) 21. Rxd4 {and the resulting position can be tough for Black to defend.}) 17. e4 d4 18. Nb1 $14) 16. O-O-O $1 $16 {Now White's king is finally safe and the central-kingside pawn avalanche can start soon. The pin on the d-file also helps White with playing e4 and f5. Black is already in serious trouble and must tread very carefully.} Qc7 17. e4 d4 18. Nb1 ({Another interesting option would be} 18. Na4 b5 19. f5 $1 gxf5 20. exf5 Ng7 21. Nc5 e6 22. Ne4 $1 Nxf5 23. Nf6+ Kd8 24. Bf2 Bc5 25. c3 $16 {with a serious advantage for White.}) 18... c5 $2 {This move severely weakens the queenside light squares, especially b5; it also makes pushing ...b5 impossible for the moment, rendering counterplay slow and ineffective. White smoothly converts from here.} (18... O-O-O $5 {was perhaps a practical chance for Black, though their position remains difficult after} 19. Qf3 Nc5 20. Bf2 e6 21. Bxd4 $16 {#Diagram Valentin Razmov suggests a diagram just before White's move 19.}) 19. f5 $1 Ng7 ({The other option was} 19... Nd8 {but it also loses due to a similar tactic to what followed in the game} 20. e6 $1 Qxg3 $2 (20... Qb6 21. Na3 fxe6 22. fxg6 Bg7 23. Nc4 Qa6 24. a4 Nc6 25. Rhf1 $18 {Notice White's control over the light squares.}) 21. Qb5+ Nc6 22. Qxb7 $18 {and the lack of development by Black takes its toll - White wins easily.}) 20. e6 $1 $18 {This move was made possible by ...c5; here, White's bishop is immune due to mate threats: 21. Qb5+ and 22. Qd7#.} Qb6 21. exf7+ Kxf7 22. Be5 {Further restricting Black's pieces, and now their king has no escape. Black loses material.} (22. Rhf1 $18 {is another strong continuation of White's attack.}) 22... Rg8 23. Qc4+ e6 24. Rhf1 Qa6 25. fxg6+ Kxg6 $2 {This blunders into checkmate, though Black's position was already lost.} (25... Ke8 {avoids the immediate loss, though after} 26. Qxa6 Rxa6 27. Rf7 $18 {Black's position is completely tied up - their king, bishop, rook on g8, and knight cannot move at all. It'll be only a matter of time until White activates fully and wins material on the kingside.}) 26. Rf6+ {My opponent resigned here, in view of 26... Kh7 27. Rh6#. This game turned out very interesting due to the sharp line that we chose early on. A complex middlegame position arose, which Black didn't handle well: a series of mistakes between moves 15-18 gave White a strong attack that quickly led to a win. The victory was important for me at the start of the tournament, as it helped me to gain confidence for some of the later rounds.} 1-0

[Event "WA Class Championships, Expert"]
[Site "Bellevue, WA"]
[Date "2023.11.26"]
[Round "5"]
[White "Razmov, Valentin"]
[Black "Ramkumar, Nikhil"]
[Result "1-0"]
[WhiteElo "1879"]
[BlackElo "1849"]
[Annotator "Valentin Razmov"]
[PlyCount "117"]
[EventDate "2023.??.??"]

{[%evp 0,117,19,31,19,0,4,4,0,0,-7,0,11,3,9,-10,11,-9,12,0,50,43,86,81,73,69,75,73,73,77,84,85,96,73,109,89,92,44,46,55,190,175,178,194,249,249,249,173,208,176,206,210,209,214,205,215,213,214,226,221,238,200,213,147,214,209,198,197,197,199,201,161,202,202,195,161,195,167,148,148,198,182,181,188,194,162,248,190,178,185,182,158,168,171,169,169,172,178,178,178,177,181,194,193,269,335,542,324,330,412,418,292,415,491,512,562,625,663,973,1025]} 1. d4 d5 2. c4 e6 3. Nc3 Nf6 4. cxd5 {The popular Exchange Queen's Gambit opening variation.} exd5 5. Bg5 c6 6. e3 Bf5 {A known move in theory, but more popular are 6...Be7, 6...Bd6, and 6...h6 instead.} 7. Qf3 Bg6 {My opponent took an unusually long time to think here, which I interpreted to mean that he wasn't familiar with this line.  In the meantime, I was trying to recall the main ideas from games in this line played by Kramnik, Carlsen, Anand, and others over the past several years.  I knew that the line was solid, but Black had to play with care, patience, and persistence.} (7... Be6 8. Bxf6 Qxf6 9. Qxf6 gxf6 10. Bd3 Nd7 11. Nge2 Bd6 12. O-O f5 $14 {is another way to play on for Black.}) 8. Bxf6 gxf6 $6 {Usually queens get exchanged on f6 instead, so I reasoned that with his move my opponent wanted to seek active counterplay (in part using the preserved queen) against my less developed king-side and uncastled king, rather than trading down into a somewhat worse but solid endgame. The reality is that Black has the pair of bishops, while the doubled, isolated f-pawns are hard for White to target, so their potential weakness doesn't easily show.} (8... Qxf6 9. Qxf6 gxf6 10. Nf3 (10. h4)) 9. h4 $1 {Immediately setting out to provoke a weakening on Black's king-side. A typical idea in such positions, I remembered.} Qb6 $6 {Black is daring White to castle long or retreat. After some thought, I accepted the challenge, on principle. White would shortly net the f6-pawn as a \"reward.\"} (9... h5 {is the usual response, leading toward} 10. Rd1 Nd7 11. Bd3 Bd6 12. Nge2 $14) 10. O-O-O h5 11. Qxf6 Rg8 12. g3 $6 $146 {This was a moment of long deliberation for me, as I had to construct an effective plan for completing White's development and transitioning into a middlegame. I reasoned that although Black shows some promise to develop an initiative, White could keep their extra pawn and catch up over time.} (12. Bd3 $1 Nd7 (12... Bxd3 $6 13. Rxd3 Rxg2 14. Nh3 $1 {This strong move I had missed in my deliberations, only focusing on 14.Qf3 Rg4, which didn't feel satisfying.} Nd7 15. Qf3 Rg7 16. Qxh5 $16) 13. Qf3 O-O-O 14. Nge2 $16) 12... Nd7 13. Qf3 Bb4 14. Nge2 O-O-O (14... Qa5 15. a3 Be7 16. Bh3 Nb6 17. Bf5 Nc4 18. Kc2 $14) 15. Bh3 {So far everything is going according to plan. Having missed the earlier opportunity to counter Black's light-squared bishop from d3, White is preparing to shut down that bishop's diagonal via Bf5 now.} Rge8 $6 {\"Activity, activity, activity\" must have been the slogan behind that move. I expected instead that the Black king would step away from the pin, in a prophylactic king move, common after a long castle.} (15... Kb8) 16. Bf5 Qa6 {Another small surprise, though it's clear that the Black queen seeks increased activity, possibly leaving the b6-square for the knight, as soon as it becomes unpinned.} 17. Rd2 $6 {It was White's turn to disregard common prophylaxis, paradoxically after I had fully expected my opponent to play that same king-move two moves earlier.  I wanted to avoid yet another pin (in this case a self-pin) and its associated limitation on piece mobility, though in reality this pin (of the light-squared bishop) isn't as dangerous. Instead, I opted for the well-known \"second-rank defense\".} (17. Kb1 $16) (17. a3 $16) 17... Kb8 18. Rhd1 $6 {Connecting the rooks, but allowing Black to start developing their initiative now that their knight has been unpinned.} (18. a3 $1 {forces Black to make a decision and resolves one of the pins on White's position} Bxc3 (18... Bd6 19. Bxg6 fxg6 20. Qf7) 19. Nxc3 Nb6 20. Rc2 Nc4 21. Kb1 $16) 18... Nb6 $1 {White's rooks are starting to feel uncomfortable in their limited space, given the ambitions of Black's knight to occupy the c4-square in the near future.} 19. b3 $2 {A  tough move to make: it restricts the Black knight, but weakens the dark squares around the White king.} (19. Kb1) 19... c5 $2 {Correct idea - to open the center and start an attack on the White king - but incorrect timing. As a result, Black's d5-pawn is weakened, and White's rooks suddenly turn from potential targets into a great strength.} (19... Nc8 $1 $13 {/=} 20. Rc2 Nd6 21. Bxg6 fxg6 22. a4 Qb6 (22... b5 $6 23. Kb2 $14) 23. Kb2 $14) 20. dxc5 Bxc5 21. Kb1 $1 Rd6 $2 {A rook lift and a tactical trap (threatening ...Rf6).} (21... Bb4 $16) 22. Bxg6 $1 {Letting go of a liability (the pin) and setting up a potential trap too (Black's bishop is short on squares to move to).} fxg6 23. Nxd5 $2 {After a long thought and calculation, White yields to the temptation to increase their material advantage.} (23. Qf4 $1 {After this move, White's threats would simply be too much to deal with... For example:} Ka8 24. b4 d4 25. bxc5 dxc3 26. Qxd6 (26. Rxd6 $4 Qxe2) 26... Qb5+ 27. Ka1 cxd2 28. Rxd2 Nc8 29. Qc7 $1 (29. Qd7 Qxd7 30. Rxd7 Re5) 29... a5 30. Rb2 Qa6 31. Nd4 $18) (23. Nd4 $1 Rd7 $1 24. Rc2 Rf8 25. Qe2 Qxe2 26. Ncxe2 $16) 23... Nxd5 24. Rxd5 Rf6 $2 {Keeping White's two rooks standing strong and owning the d-file, white forcing an improvement of White's knight is hardly a goal Black should strive for.} (24... Rxd5 25. Rxd5 Rf8 26. Nf4 Ba3 27. Qd1 Qf6 {This line was the main subject of White's calculations, resulting in a sense of assurance that the position is likely winning already.} 28. Nd3 $1 $16 (28. Qd4 $2 Rc8 29. Nd3 Qxf2 $1 30. Qf4+ Qxf4 31. gxf4 (31. exf4 $6 Rc3 $13) 31... Rc6 $14)) 25. Nf4 Qb6 26. Qe2 Rc6 27. Qd2 {White is interested in trading, in order to reduce the pressure around their king, and to stabilize their advantage.} (27. Nd3 $1 Bd6 (27... Ba3 $2 28. Ne5 $1 $18) 28. Nb2 $16) 27... Rec8 28. Rd8 a6 (28... Ba3 $5) 29. Rxc8+ Rxc8 30. Nd3 Ba3 $6 (30... Bd6) 31. Nb2 $2 {Missing a strong continuation, but also landing the knight on a square that at a glance appears helpful for the king's safety but in fact will not solve the potential backrank issues that White has... At this point, both sides had under 10 minutes left to complete the next 10 moves until the time control.} (31. Ne5 $1 $18 Qe6 32. Qd4 b5 (32... Qf5+ 33. e4) 33. e4 $1 (33. b4) 33... a5 34. Qd5 $18) 31... Bb4 $2 {Black offered a draw here. I saw no reason to cut short the excitement.} (31... Qe6 $1 32. Qd4 (32. Nc4 $2 Qf5+ $14 {loses a pawn}) 32... Qf5+ 33. e4 $16) 32. Qd4 Qc6 33. Qf4+ Ka7 34. Qd4+ {White sees an opportunity to repeat moves once and thus gain some time on the clock.} (34. Qc4 $1 $18 {was missed; it forces queen trades, which is in White's favor as a potential continuation.}) 34... Bc5 $1 35. Qd2 $6 (35. Qd5 Qf6 36. Rd2 $16) 35... Bb4 $6 {Black offered a draw again. Both players had 3 minutes each for the next 5 moves.} (35... Qe4+) 36. Qd4+ Bc5 37. Qd7 $6 {Correct idea -- an active queen would be preferable -- but overpushing it a bit. An active and centralized queen would have been even stronger:} (37. Qd5 Qf6 38. Rd2 $16) 37... Qe4+ 38. Qd3 Qf3 39. Rd2 $1 {Down to 1 minute for the final couple of moves, White finds a good move.} (39. Rc1 $1 Rc6 (39... Qxf2 $2 40. b4 $18) 40. Rc2 $1) 39... Bb4 40. Qd4+ $1 (40. Rc2 Qh1+ 41. Qd1 Qe4 42. Qd4+) 40... Bc5 41. Qd5 Qf6 42. Rc2 Qf8 (42... Ba3 $5 43. Qd4+ Qxd4 44. exd4 Rd8 45. Rd2 (45. Nc4 $1 Bb4 46. a3 (46. Ne5 Rxd4 47. Nxg6 Ba3 48. Re2 $1 $18)) 45... Bb4 46. Rd1 $16) 43. Na4 $1 (43. a4 $1 $18) 43... Ba3 44. Qd4+ {Instead of trading rooks, White sees an even better opportunity - to trade queens (and possibly rooks too) $1} Kb8 45. Qf4+ $1 Qxf4 (45... Ka7 46. Qxf8 Rxf8 47. Rd2 Rc8 48. Nb2 b5 49. Nd3 $1 $18) 46. Rxc8+ $1 {A effective intermediate move that trades down to a simpler endgame where White can finally activate their king in the absence of any heavy pieces on the board.} Kxc8 47. exf4 {The doubled f-pawns aren't a problem for White. After the king activates the break-through with f4-f5 will eventually become possible.} Kd7 48. Kc2 b5 49. Nc3 Ke6 50. Kd3 Kf5 (50... Bc5 51. Nd1) 51. Nd5 Kg4 52. Ke4 $1 {Keeping the Black king at bay, above all, and thus not taking any risks.} Bd6 53. Ne3+ Kh3 54. f5 {Settling for a pragmatic move after seeking but (correctly) not finding any working mating ideas. The rest is simple and does not need commentary.} gxf5+ 55. Nxf5 Bc5 56. Kf3 Bf8 57. Nd4 b4 58. Ne6 Bh6 59. Nf4+ 1-0